000 00461nam a22001577a 4500
003 SISC
005 20160712092759.0
008 160712b xxu||||| |||| 00| 0 eng d
020 _a9781849342315
050 _aPE 1591 K59 2012
245 _aWebster's english thesaurus /
_cBetty Kirkpatrick.
260 _aManila :
_bWS Pacific Publications
_c2012.
300 _a191 p. :
_c18 cm.
650 _aEnglish language--Synonyms and antonyms.
942 _2lcc
_cBK
999 _c296249
_d296249